| 000 | 01309nam a2200361 a 4500 | ||
|---|---|---|---|
| 001 | 60674 | ||
| 003 | CO-BoRNBP | ||
| 005 | 20260316140726.0 | ||
| 007 | t | ||
| 008 | 121120s2012 ck a gr 000 0dspa d | ||
| 020 | _a9789587611373 | ||
| 040 |
_aCO-BoBLA _bspa _dCO-BoBLA _erda _cUniversidad Nacional |
||
| 041 | _aspa | ||
| 082 | 0 | 4 |
_a621.381 _bC17e _221 |
| 100 | 1 |
_aCardona, Javier Fernando. _969434 |
|
| 245 | 1 | 0 |
_aElectrónica digital y su aplicación a la instrumentación : _bguía de laboratorio / _cJavier Fernando Cardona, Óscar Roberto Blanco. |
| 250 | _a1a. edición | ||
| 264 |
_aBogotá : _bUniversidad Nacional de Colombia. Facultad de Ciencias. Departamento de Física, _c2012. |
||
| 300 |
_axxiii, 183 páginas : _bilustraciones ; _c24 cm. |
||
| 336 |
_atext _btxt _2rdacontent |
||
| 337 |
_aunmediated _bn _2rdamedia |
||
| 338 |
_avolume _bnc _2rdacarrier |
||
| 490 | 1 | _aColección notas de clase | |
| 504 | _aIncluye bibliografías. | ||
| 650 | 7 |
_aAparatos e instrumentos electrónicos. _2BLAAUTO _969435 |
|
| 650 | 7 |
_aCircuitos eléctricos. _2BLAAUTO _961878 |
|
| 650 | 7 |
_aElectrónica digital. _2BLAAUTO _99912 |
|
| 700 | 1 |
_aBlanco, Óscar Roberto. _969436 |
|
| 830 | 1 |
_aColección notas de clase _969437 |
|
| 942 |
_2ddc _cBK |
||
| 949 |
_an _bn |
||
| 960 | _aNormalizados-2025 | ||
| 999 |
_c60674 _d60674 |
||